000 00332 a2200157 4500
001 62019
020 _a9788510054072
040 _cAnchieta - Pituba
100 _aGonçalves, Marcos
240 1 0 _aGeografia 6
_lpor
245 1 0 _aGeografia 6
300 _a208/48
362 0 _a2013
650 4 _aGeografia e viagens
942 _cBK
999 _c62019
_d62019